000 00454nam a2200181Ia 4500
003 LK-CoDNM
008 010623t xxu||||| |||| 00| 1 sin d
040 _aLK-CoDNM
_dLK-CoDNM
_eLK-CoDNM
041 _asin
080 _a133.52 RAT
100 _aRatuvitana,Piyasena.
245 _aප්‍ර‍බල රාජ්‍යයෝග
246 _aPrabala Raja Yooga
260 _bAuthor
300 _b128p., 21 cm
650 _aAstrology
942 _cBK
999 _c139507
_d139507